000 00694nam a2200229 a 4500
001 72832
003 BD-RjUL
005 20211209082320.0
008 19 s1961 enka|||| |||| 001 0 eng d
035 _a(BD-RjUL)73050
040 _aBD-RjUL
_beng
_cBD-RjUL
_dBD-RjUL
041 _aeng
082 _223
_a306.089992
_bWIM 1961
100 _aWinstedt, Richard
_9215418
245 _aThe Malays: a cultural history /
_cby Richard Winstedt.
250 _aFifth edition
260 _aLondon :
_b Routledge & Paul,
_cc1961
300 _avii, 198 pages, 7 unnumbered leaves of plates :
_bill. ;
_c22 cm.
500 _aIncludes Index.
650 _aMalays (Asian people)
_9215419
942 _2ddc
_cBK
999 _c72832
_d72832